Outer Banks Quiz / Season 1 and 2 - Statistics

General Stats
  • This quiz has been taken 280 times
  • The average score is 6 of 15
Answer Stats
Hint Answer % Correct
Tallest Pogue? John B
76%
How many policemen search the room in which JJ took the gun and some money from (number) 2
74%
John B get's angry with Sarah because she doesn't tell ____________that they are ''married'' Topper
72%
Who sabotaged the boat of the two men that were shooting the Pogues? Kiara
68%
Where does John B find Mr. Crain's bones? At the bottom of the _____ Well
47%
Who kills the two men that shot the Pogues in Season 1? Ward Cameron
46%
Where did JJ find the gun he has with him? Motel
42%
What job does Toppers grandfather do? Judge
38%
John B and JJ have been best friends since ______ class third
38%
Name of the person that tells John B that Ward stole Big John's map to the gold Lana
27%
Popes father owns and runs ____________, a seafood store, which provides seafood for the entire island Heywards
21%
How did Kiara and Pope warn JJ and John B that policemen were approaching the motel room? (Season 1)By________ _ _______ Throwing a stone
12%
What is the name of the container ship in which Ward Cameron was hiding in? Coastal Venture
10%
What is the name of Toppers mother? Cynthia Thornton
3%
Where do John B and Sarah Cameron get ''married''? In a boat
0%
No matching quizzes found
Score Distribution
Percent of People with Each Score
Percentile by Number Answered
Your Score History
You have not taken this quiz